| 000 | 00563nam a2200181Ia 4500 | ||
|---|---|---|---|
| 003 | IN-BaIIA | ||
| 008 | 211028s9999 xx 000 0 eng d | ||
| 040 | _cIIA Library | ||
| 080 |
_a53(03) _bENC-XXIII |
||
| 245 | 0 |
_aEncyclopedia of physics _bvol. XXIII, electrical instruments _cedited by S. Flugge |
|
| 260 |
_aBerlin _bSpringer-Verlag _c1967 |
||
| 300 | _aviii, 535p. | ||
| 650 |
_aEncyclopedia-Physics _93090 |
||
| 650 | _aNASA Thesaurus | ||
| 650 |
_aPhysics _973 |
||
| 700 |
_aFlugge, S., ed. _93091 |
||
| 942 | _cBK | ||
| 999 |
_c2925 _d2925 |
||